Issues facing Christians today / (Record no. 1308)

MARC details
000 -LEADER
fixed length control field 02292cam a2200445 a 4500
001 - CONTROL NUMBER
control field 14432396
003 - CONTROL NUMBER IDENTIFIER
control field GBCCL
005 - DATE AND TIME OF LATEST TRANSACTION
control field 20241126110358.0
008 - FIXED-LENGTH DATA ELEMENTS--GENERAL INFORMATION
fixed length control field 060629s2006 miu b 001 0 eng
010 ## -
-- 2006021647
015 ## -
-- GBA674062
-- bnb
016 7# -
-- 013541189
-- Uk
020 ## - INTERNATIONAL STANDARD BOOK NUMBER
International Standard Book Number 0310252695
020 ## - INTERNATIONAL STANDARD BOOK NUMBER
International Standard Book Number 9780310252696
035 ## - SYSTEM CONTROL NUMBER
System control number (OCoLC)ocm70265512
035 ## - SYSTEM CONTROL NUMBER
System control number (OCoLC)70265512
040 ## - CATALOGING SOURCE
Original cataloging agency DLC
Transcribing agency DLC
Modifying agency DLC
050 00 -
-- BT738
-- .S77 2006
082 00 - DEWEY DECIMAL CLASSIFICATION NUMBER
Classification number 261.83
Edition information 22
Item number STO
100 1# - MAIN ENTRY--PERSONAL NAME
Personal name Stott, John R. W.
9 (RLIN) 325
245 10 - TITLE STATEMENT
Title Issues facing Christians today /
Statement of responsibility, etc. John Stott.
250 ## - EDITION STATEMENT
Edition statement 4th ed., fully rev. and updated /
Remainder of edition statement by Roy McCloughry ; with a new chapter by John Wyatt.
260 ## - PUBLICATION, DISTRIBUTION, ETC.
Place of publication, distribution, etc. Mumbai :
Name of publisher, distributor, etc. GLS,
Date of publication, distribution, etc. c2011.
300 ## - PHYSICAL DESCRIPTION
Extent 528 p. ;
Dimensions 22 cm.
500 ## - GENERAL NOTE
General note Rev. ed. of: Human rights & human wrongs.
504 ## - BIBLIOGRAPHY, ETC. NOTE
Bibliography, etc. note Includes bibliographical references and index.
505 0# - FORMATTED CONTENTS NOTE
Formatted contents note Our changing world: is Christian involvement necessary? -- Our complex world: is Christian thinking distinctive? -- Our plural world: is Christian witness influential? -- War and peace -- Caring for creation -- Living with global poverty -- Human rights -- The world of work -- Business relationships -- Celebrating ethnic diversity -- Simplicity, generosity and contentment -- Women, men and God -- Marriage, cohabitation and divorce -- Abortion and euthanasia -- The new biotechnology (by Professor John Wyatt) -- Same-sex relationships -- A call for Christian leadership.
650 #0 - SUBJECT ADDED ENTRY--TOPICAL TERM
Topical term or geographic name entry element Christian sociology.
9 (RLIN) 2095
650 #0 - SUBJECT ADDED ENTRY--TOPICAL TERM
Topical term or geographic name entry element Church and social problems.
9 (RLIN) 1621
650 #0 - SUBJECT ADDED ENTRY--TOPICAL TERM
Topical term or geographic name entry element Evangelicalism.
9 (RLIN) 178
650 #0 - SUBJECT ADDED ENTRY--TOPICAL TERM
Topical term or geographic name entry element Christian life.
9 (RLIN) 183
700 1# - ADDED ENTRY--PERSONAL NAME
Personal name McCloughry, Roy.
9 (RLIN) 2544
700 1# - ADDED ENTRY--PERSONAL NAME
Personal name Wyatt, John,
Dates associated with a name 1952-
9 (RLIN) 2545
700 1# - ADDED ENTRY--PERSONAL NAME
Personal name Stott, John R. W.
Title of a work Human rights & human wrongs.
9 (RLIN) 2546
856 41 - ELECTRONIC LOCATION AND ACCESS
Materials specified Table of contents only
Uniform Resource Identifier <a href="http://www.loc.gov/catdir/toc/ecip0616/2006021647.html">http://www.loc.gov/catdir/toc/ecip0616/2006021647.html</a>
856 42 - ELECTRONIC LOCATION AND ACCESS
Materials specified Publisher description
Uniform Resource Identifier <a href="http://www.loc.gov/catdir/enhancements/fy0666/2006021647-d.html">http://www.loc.gov/catdir/enhancements/fy0666/2006021647-d.html</a>
906 ## - LOCAL DATA ELEMENT F, LDF (RLIN)
a 7
b cbc
c orignew
d 1
e ecip
f 20
g y-gencatlg
942 ## - ADDED ENTRY ELEMENTS (KOHA)
Source of classification or shelving scheme Dewey Decimal Classification
Koha item type Books
Koha issues (borrowed), all copies 63
Holdings
Withdrawn status Lost status Source of classification or shelving scheme Damaged status Not for loan Home library Current Library Shelving location Date acquired Total checkouts Total renewals Full call number Barcode Date last seen Date last checked out Copy number Price effective from Koha item type
    Dewey Decimal Classification     GRACE BIBLE COLLEGE GRACE BIBLE COLLEGE Ministry & Mission 2017-04-24 44 5 261.83 STO 010562 2026-01-14 2025-11-24 c.2 2017-04-24 Books
    Dewey Decimal Classification     GRACE BIBLE COLLEGE GRACE BIBLE COLLEGE Ministry & Mission 2017-05-30 30 3 261.83 STO 010500 2025-05-01 2025-03-10 c.1 2017-05-30 Books
© Grace Bible College Library 2025